| 000 | 01053nam a2200313Ia 4500 | ||
|---|---|---|---|
| 003 | OSt | ||
| 005 | 20221007125123.0 | ||
| 006 | a|||||r|||| 00| 0 | ||
| 007 | ta | ||
| 008 | 221006b |||||||| |||| 00| 0 eng d | ||
| 020 |
_a0471884774 (hbd) _cRs.235.00 |
||
| 024 | _a4271 | ||
| 037 |
_bAsian, _cTextual |
||
| 040 |
_aCDL _cCDL _beng |
||
| 041 |
_2eng _aeng |
||
| 082 | _aE:3,D, M6 | ||
| 100 |
_aWendlandt Wesley WM _9721567 |
||
| 245 | 0 | _aThermal analysis by Wesley WM Wendlandt | |
| 250 | _aEd 3 | ||
| 260 |
_aNew _bYork John Wiley Sons _c1986 |
||
| 300 |
_axviii,814p _ccm. |
||
| 490 | _aChemical analysis; 19 | ||
| 500 | _aIncludes bibliographical references; ^n23/CSL/CARC/96-97/3449^d1996-08-27^mPurchase; ; 96-97/321^b1997-01-09^c13783^d1997-08-27^eAsian Books Private Limited^h1997-01-09; ; 1997-02-06^bSB^c1997-02-13 | ||
| 650 |
_a Analytical _9712745 |
||
| 650 |
_a Thermal methods _9721568 |
||
| 650 | _aChemistry | ||
| 942 |
_hE:3,D, M6 _cTEXL _2CC |
||
| 999 |
_c1214711 _d1214711 |
||